[Event "26.Schlosspark-Open"]
[Site "Wiesbaden-Biebrich"]
[Date "2014.08.30"]
[Round "5.30"]
[White "Frömbgen, Andreas"]
[Black "Skarke, Harald"]
[Result "1/2-1/2"]
[WhiteElo "1953"]
[BlackElo "2025"]
[PlyCount "43"]
[EventDate "2014.??.??"]
[WhiteTeam "SK Gau-Algesheim"]
[BlackTeam "SF Neuberg"]

1. c4 c5 2. g3 Nc6 3. Bg2 g6 4. Nc3 Bg7 5. e3 d6 6. Nge2 Nf6 7. O-O Bg4 8. h3
Bd7 9. d3 O-O 10. a3 Rb8 11. Rb1 a5 12. Bd2 Ne5 13. Qc2 Bf5 14. e4 Bd7 15. b4
axb4 16. axb4 cxb4 17. Rxb4 Qc8 18. Kh2 Nc6 19. Rbb1 Ne8 20. Nd5 Qd8 21. Bc3 e5
22. f4 1/2-1/2

[Event "26.Schlosspark-Open"]
[Site "Wiesbaden-Biebrich"]
[Date "2014.08.30"]
[Round "5.31"]
[White "Bietz, Fabian"]
[Black "Eg, Karlheinz"]
[Result "1-0"]
[WhiteElo "2024"]
[BlackElo "1896"]
[PlyCount "45"]
[EventDate "2014.??.??"]
[WhiteTeam "SJ Herborn 1998"]
[BlackTeam "SV Rüsselsheim 1929"]

1. Nf3 Nf6 2. b3 d5 3. e3 c5 4. Bb2 e6 5. Be2 Nc6 6. O-O Be7 7. d4 cxd4 8. exd4
O-O 9. Nbd2 b6 10. Rc1 Bb7 11. c4 Rc8 12. a3 Qd6 13. Ne5 Rfd8 14. c5 bxc5 15.
dxc5 Qb8 16. Nxc6 Bxc6 17. b4 a5 18. Rb1 axb4 19. axb4 Bb5 20. Bxb5 Qxb5 21.
Bd4 Nd7 22. Re1 Qc4 23. Nxc4 1-0

[Event "26.Schlosspark-Open"]
[Site "Wiesbaden-Biebrich"]
[Date "2014.08.30"]
[Round "5.32"]
[White "Schwarz, Eduard"]
[Black "Kuhn, Gerhard"]
[Result "1/2-1/2"]
[WhiteElo "1928"]
[BlackElo "2023"]
[PlyCount "72"]
[EventDate "2014.??.??"]
[WhiteTeam "SG Turm Idstein"]
[BlackTeam "SK Marburg 1931/72"]

1. Nf3 Nf6 2. d4 g6 3. c4 Bg7 4. Nc3 d5 5. g3 O-O 6. Bg2 Nc6 7. O-O dxc4 8. d5
Nb4 9. e4 e6 10. Qa4 a5 11. a3 Bd7 12. Qd1 Nd3 13. Ne1 exd5 14. Nxd3 cxd3 15.
exd5 Bf5 16. h3 h5 17. Bf4 Qd7 18. Kh2 Rad8 19. Qb3 c6 20. Rac1 cxd5 21. Bg5 d4
22. Bxf6 Be6 23. Nd5 Bxd5 24. Bxd5 Bxf6 25. Bc4 d2 26. Rcd1 Qd6 27. Rxd2 Rde8
28. Qxb7 Rb8 29. Qa6 Qxa6 30. Bxa6 Rb6 31. Bd3 Rfb8 32. Rb1 h4 33. a4 hxg3+ 34.
fxg3 Rb3 35. Bc4 R3b6 36. b3 Re8 1/2-1/2

[Event "26.Schlosspark-Open"]
[Site "Wiesbaden-Biebrich"]
[Date "2014.08.30"]
[Round "5.33"]
[White "Weiland, Thomas"]
[Black "Kolker, Vladislav"]
[Result "0-1"]
[WhiteElo "1889"]
[BlackElo "2021"]
[PlyCount "66"]
[EventDate "2014.??.??"]
[WhiteTeam "SV Oberursel"]
[BlackTeam "SC Bad Nauheim"]

1. e4 e5 2. Nf3 Nc6 3. Bc4 Nf6 4. d3 Be7 5. Nc3 d6 6. h3 Na5 7. Bb3 Nxb3 8.
axb3 O-O 9. O-O h6 10. Be3 a6 11. Nd2 d5 12. exd5 Nxd5 13. Nxd5 Qxd5 14. Qf3
Qe6 15. Nc4 f5 16. Bd2 e4 17. Qe2 b6 18. Bc3 Bb7 19. Rfe1 Rae8 20. Nd2 Qg6 21.
dxe4 fxe4 22. Qc4+ Kh8 23. Re3 Bc5 24. Bd4 Bd6 25. g3 c5 26. Bc3 b5 27. Qe2 b4
28. Bxg7+ Kxg7 29. Re1 Bf4 30. Rxe4 Bxe4 31. Nxe4 Be5 32. c3 bxc3 33. bxc3 Bxc3
0-1

[Event "26.Schlosspark-Open"]
[Site "Wiesbaden-Biebrich"]
[Date "2014.08.30"]
[Round "5.34"]
[White "Hoffmann, Jens"]
[Black "Muuss, Klaus"]
[Result "0-1"]
[WhiteElo "1843"]
[BlackElo "2012"]
[PlyCount "114"]
[EventDate "2014.??.??"]
[WhiteTeam "SF HN-Biberach 1978 e.V."]
[BlackTeam "VSF Flintbek"]

1. e4 e5 2. Nf3 Nc6 3. Bb5 a6 4. Ba4 Nf6 5. O-O Be7 6. Re1 b5 7. Bb3 O-O 8. c3
d5 9. exd5 Nxd5 10. Nxe5 Nxe5 11. Rxe5 c6 12. d4 Bd6 13. Re1 Qh4 14. g3 Qh3 15.
Bxd5 cxd5 16. Qf3 Bg4 17. Qxd5 Rad8 18. Qg2 Qh5 19. Be3 Bf3 20. Qf1 f5 21. Nd2
f4 22. Bxf4 Rxf4 23. Nxf3 Rxf3 24. Re3 Rf6 25. Rae1 Rdf8 26. R1e2 Qf7 27. b3 h5
28. Qe1 h4 29. Re6 hxg3 30. hxg3 Qg6 31. Rxf6 Rxf6 32. d5 Bc5 33. Kg2 Qf5 34.
Re8+ Kf7 35. f4 Qxd5+ 36. Qe4 Qd2+ 37. Qe2 Qxe2+ 38. Rxe2 Rd6 39. g4 Rd3 40.
Rc2 Bd6 41. f5 Rg3+ 42. Kf2 Rxg4 43. Rd2 Be5 44. Rd7+ Kf6 45. Ra7 Bxc3 46.
Rxa6+ Kxf5 47. a4 Rb4 48. a5 Rxb3 49. Ra8 Ra3 50. a6 Bd4+ 51. Ke2 Ke4 52. Re8+
Be5 53. Ra8 Ra2+ 54. Kd1 Kd3 55. Ke1 Bd4 56. Kf1 Rf2+ 57. Ke1 Rg2 0-1

[Event "26.Schlosspark-Open"]
[Site "Wiesbaden-Biebrich"]
[Date "2014.08.30"]
[Round "5.35"]
[White "Machlin, Maxim"]
[Black "Mönch, Dietmar"]
[Result "1-0"]
[WhiteElo "2009"]
[BlackElo "1818"]
[PlyCount "29"]
[EventDate "2014.??.??"]
[WhiteTeam "Biebertaler SF"]
[BlackTeam "vereinlos"]

1. e4 c5 2. Nf3 d6 3. d4 cxd4 4. Nxd4 Nf6 5. Nc3 g6 6. Be3 Bg7 7. f3 Nc6 8. Qd2
a6 9. O-O-O Nxd4 10. Bxd4 h5 11. Nd5 Be6 12. Bb6 Nxd5 13. Bxd8 Bh6 14. Qxh6
Rxh6 15. exd5 1-0

[Event "26.Schlosspark-Open"]
[Site "Wiesbaden-Biebrich"]
[Date "2014.08.30"]
[Round "5.36"]
[White "Marten, Gero"]
[Black "Stuhlmann, Florian"]
[Result "1-0"]
[WhiteElo "2032"]
[BlackElo "1654"]
[PlyCount "65"]
[EventDate "2014.??.??"]
[WhiteTeam "SG Turm Idstein"]
[BlackTeam "SC Königsflügel Lindenholzhausen"]

1. d4 d5 2. Nf3 Nf6 3. c4 e6 4. Bf4 c5 5. e3 Nc6 6. Nc3 cxd4 7. exd4 a6 8. Bd3
Be7 9. O-O O-O 10. Re1 Nb4 11. c5 Nxd3 12. Qxd3 b6 13. b4 a5 14. a3 Ba6 15. b5
Bc8 16. Na4 bxc5 17. dxc5 Ne4 18. Rec1 Bf6 19. Be5 Bxe5 20. Nxe5 Nxf2 21. Kxf2
Qh4+ 22. Kg1 Qxa4 23. Rab1 f6 24. Nc4 Ra7 25. c6 Rc7 26. Nb6 Qf4 27. Qg3 Qd4+
28. Qf2 Qd3 29. Qc5 Rff7 30. Nxc8 Rxc8 31. b6 d4 32. b7 Rxb7 33. Rxb7 1-0

[Event "26.Schlosspark-Open"]
[Site "Wiesbaden-Biebrich"]
[Date "2014.08.30"]
[Round "5.37"]
[White "Biastoch, Bennet"]
[Black "Schnicke, Robert"]
[Result "1/2-1/2"]
[WhiteElo "1765"]
[BlackElo "2164"]
[PlyCount "65"]
[EventDate "2014.??.??"]
[WhiteTeam "SG Aufbau Elbe Magdeburg"]
[BlackTeam "TV Winnweiler"]

1. e4 d6 2. d4 Nf6 3. Nc3 g6 4. Nf3 Bg7 5. Bc4 c6 6. Bg5 b5 7. Bd3 Qc7 8. h3 b4
9. Ne2 Nbd7 10. Ng3 e5 11. dxe5 dxe5 12. O-O a5 13. a3 Rb8 14. axb4 axb4 15.
Qd2 O-O 16. Rfd1 Nc5 17. Be3 Ne6 18. Bc4 Rd8 19. Qc1 Rxd1+ 20. Qxd1 c5 21. Nd2
Bf8 22. Nb3 Rb6 23. Ra5 Nd4 24. Ra1 Rd6 25. c3 Nf5 26. Qf3 Nxg3 27. fxg3 Be6
28. Bxe6 Rxe6 29. cxb4 cxb4 30. Rc1 Qb7 31. Nd2 Rc6 32. Rxc6 Qxc6 33. Kh2
1/2-1/2

[Event "26.Schlosspark-Open"]
[Site "Wiesbaden-Biebrich"]
[Date "2014.08.30"]
[Round "5.38"]
[White "Karsay, Pascal"]
[Black "Rosenberger, Frank"]
[Result "0-1"]
[WhiteElo "1766"]
[BlackElo "2098"]
[PlyCount "68"]
[EventDate "2014.??.??"]
[WhiteTeam "Vorw.Orient Mainz"]
[BlackTeam "SK 1980 Gernsheim"]

1. e4 e6 2. d4 d5 3. Nd2 Nf6 4. e5 Nfd7 5. Bd3 c5 6. c3 Nc6 7. Ne2 cxd4 8. cxd4
f6 9. Nf4 Qe7 10. Nf3 Qf7 11. O-O Nb6 12. a3 Be7 13. Qc2 f5 14. h4 Bd7 15. Be3
Na5 16. b3 Rc8 17. Qb2 O-O 18. Bd2 Nc6 19. Rfc1 Rfd8 20. Be2 Nb8 21. Ba5 Qf8
22. Bxb6 axb6 23. a4 Rxc1+ 24. Qxc1 Rc8 25. Qb2 Nc6 26. Bb5 Qd8 27. g3 Na5 28.
Bxd7 Qxd7 29. Ng5 h6 30. Nf3 Bb4 31. Rb1 Rc3 32. Nd2 Qc8 33. Qa1 Rc2 34. Nf3
Nxb3 0-1

[Event "26.Schlosspark-Open"]
[Site "Wiesbaden-Biebrich"]
[Date "2014.08.30"]
[Round "5.39"]
[White "Klebs, Sebastian"]
[Black "Fellhauer, Clemens"]
[Result "1/2-1/2"]
[WhiteElo "1849"]
[BlackElo "2096"]
[PlyCount "83"]
[EventDate "2014.??.??"]
[WhiteTeam "Karlsruher SF 1853"]
[BlackTeam "SK 69 Mühlhausen e.V."]

1. e4 b6 2. d4 Bb7 3. Nc3 e6 4. Nf3 Bb4 5. Bd3 Nf6 6. Qe2 d5 7. exd5 Nxd5 8.
Bd2 O-O 9. Ng5 Nf6 10. Nf3 Nbd7 11. O-O Re8 12. Bg5 h6 13. Bh4 Be7 14. Ne4 Nxe4
15. Bxe7 Qxe7 16. Bxe4 Bxe4 17. Qxe4 c5 18. Rad1 Nf6 19. Qe2 Rac8 20. c4 cxd4
21. Rxd4 e5 22. Rd2 e4 23. Nd4 Qc5 24. b3 h5 25. h3 Re7 26. Qe3 Rd7 27. Rfd1
Rcd8 28. Qc3 a6 29. Ne2 Rxd2 30. Rxd2 Re8 31. Qe3 Qc7 32. Nc3 Qe5 33. Nd5 Nxd5
34. Rxd5 Qe6 35. Qd4 f5 36. Rd6 Qe7 37. Qxb6 f4 38. Qd4 f3 39. Qd5+ Kf8 40.
Qf5+ Kg8 41. Qd5+ Kf8 42. Qf5+ 1/2-1/2

[Event "26.Schlosspark-Open"]
[Site "Wiesbaden-Biebrich"]
[Date "2014.08.30"]
[Round "5.40"]
[White "Niedenthal, Robert"]
[Black "Kalepky, Helmut"]
[Result "0-1"]
[WhiteElo "1828"]
[BlackElo "2084"]
[PlyCount "70"]
[EventDate "2014.??.??"]
[WhiteTeam "SV 1920 Hofheim"]
[BlackTeam "Sfr.Heidesheim"]

1. e4 c5 2. Nc3 d6 3. d3 g6 4. Be3 Bg7 5. d4 Qb6 6. Na4 Qa5+ 7. Nc3 Nc6 8. Bb5
Bd7 9. Bxc6 Bxc6 10. f3 cxd4 11. Bxd4 e5 12. Be3 Rd8 13. Bd2 Qc7 14. Nge2 Ne7
15. Qc1 h5 16. O-O O-O 17. Bh6 Kh7 18. Bxg7 Kxg7 19. Kh1 a6 20. Qg5 f6 21. Qh4
Bd7 22. Rad1 g5 23. Qe1 Be6 24. Rd2 d5 25. exd5 Bxd5 26. Ng3 Bf7 27. Rff2 h4
28. Nge4 Nc6 29. a3 Rxd2 30. Rxd2 Rd8 31. Qe3 Qe7 32. Kg1 Kg6 33. Rxd8 Qxd8 34.
Qd3 Qd4+ 35. Kf1 Bc4 0-1

[Event "26.Schlosspark-Open"]
[Site "Wiesbaden-Biebrich"]
[Date "2014.08.30"]
[Round "5.41"]
[White "Bajorski, Marius"]
[Black "Junker, Christian"]
[Result "1/2-1/2"]
[WhiteElo "1807"]
[BlackElo "2061"]
[PlyCount "60"]
[EventDate "2014.??.??"]
[WhiteTeam "SV 1920 Hofheim"]
[BlackTeam "SV 1926 Neu-Isenburg"]

1. e4 e5 2. Nf3 Nf6 3. Nxe5 d6 4. Nf3 Nxe4 5. Nc3 Nf6 6. h3 g6 7. d4 Bg7 8. Be3
O-O 9. Qd2 Re8 10. O-O-O d5 11. Be2 a5 12. g4 c6 13. Ne5 b5 14. h4 b4 15. Na4
Ne4 16. Qe1 c5 17. f3 cxd4 18. fxe4 dxe3 19. Rxd5 Qc7 20. Rc5 Qe7 21. Nd3 Bb7
22. Bf3 Nc6 23. e5 Nxe5 24. Nxe5 Bxe5 25. Rxe5 Qxe5 26. Bxb7 Rab8 27. Bf3 Qb5
28. b3 Rbc8 29. Be2 Qe5 30. Kb1 Re7 1/2-1/2

[Event "26.Schlosspark-Open"]
[Site "Wiesbaden-Biebrich"]
[Date "2014.08.30"]
[Round "5.42"]
[White "Fucik, Timo"]
[Black "Huber, Timm"]
[Result "1-0"]
[WhiteElo "2057"]
[BlackElo "1847"]
[PlyCount "41"]
[EventDate "2014.??.??"]
[WhiteTeam "SK 1926 Ettlingen"]
[BlackTeam "SJ Herborn 1998"]

1. d4 d5 2. c4 c6 3. Nc3 Nf6 4. Nf3 dxc4 5. a4 Bf5 6. e3 e6 7. Bxc4 Bb4 8. O-O
Nbd7 9. Qe2 Bxc3 10. bxc3 Nb6 11. Bd3 Bxd3 12. Qxd3 a5 13. e4 O-O 14. Bg5 Qc7
15. Ne5 Nfd7 16. f4 f6 17. Nxd7 Qxd7 18. Bh4 c5 19. f5 cxd4 20. cxd4 e5 21.
Qb3+ 1-0

[Event "26.Schlosspark-Open"]
[Site "Wiesbaden-Biebrich"]
[Date "2014.08.30"]
[Round "5.43"]
[White "Zeyer, Oliver"]
[Black "Timar-Geng, Zoltan"]
[Result "1/2-1/2"]
[WhiteElo "2022"]
[BlackElo "1841"]
[PlyCount "121"]
[EventDate "2014.??.??"]
[WhiteTeam "SF HN-Biberach 1978 e.V."]
[BlackTeam "SC Eulenspiegel Regensb."]

1. e4 e5 2. Nf3 Nc6 3. Bb5 Nge7 4. O-O g6 5. d4 exd4 6. Nxd4 Bg7 7. c3 O-O 8.
Bg5 f6 9. Bh4 Nxd4 10. cxd4 c6 11. Ba4 d5 12. f3 Be6 13. Nc3 dxe4 14. fxe4 Qb6
15. Qd2 Rae8 16. Bf2 Qd8 17. d5 b5 18. Bb3 b4 19. Na4 cxd5 20. Rfd1 Kh8 21.
exd5 Bg4 22. Re1 Nc6 23. Bc5 Ne5 24. Bxb4 Rf7 25. Nc5 Qb6 26. Kh1 Rc7 27. Ba5
Qxc5 28. Rac1 Bh6 29. Bxc7 Bxd2 30. Rxc5 Bxe1 31. Ba4 Bd7 32. Bxe5 Bxa4 33.
Bxf6+ Kg8 34. Rc7 Bf2 35. g3 Bd1 36. Kg2 Re2 37. Kf1 Bb6 38. Rg7+ Kf8 39. Rxh7
Rf2+ 40. Ke1 Rxf6 41. Kxd1 Rd6 42. h4 Rxd5+ 43. Kc2 Rd4 44. h5 gxh5 45. Rxh5
Rg4 46. Rf5+ Ke7 47. Rf3 Bc7 48. Ra3 Bb6 49. Rf3 Kd7 50. a3 Bc7 51. Rb3 Kc8 52.
Rc3 Kb7 53. b4 Bxg3 54. Kb3 Be5 55. Re3 Bf6 56. Ka4 Rg1 57. Kb5 a6+ 58. Ka5 Rc1
59. Re8 Ra1 60. Re3 Bb2 61. b5 1/2-1/2

[Event "26.Schlosspark-Open"]
[Site "Wiesbaden-Biebrich"]
[Date "2014.08.30"]
[Round "5.44"]
[White "Seifert, Norbert"]
[Black "Weber, Sandra"]
[Result "1/2-1/2"]
[WhiteElo "2000"]
[BlackElo "1800"]
[PlyCount "58"]
[EventDate "2014.??.??"]
[WhiteTeam "SF Neuberg"]
[BlackTeam "SC Neckarsulm e.V."]

1. e4 c5 2. Nc3 Nc6 3. f4 g6 4. Nf3 Bg7 5. Bc4 d6 6. O-O e6 7. d3 a6 8. a4 Nge7
9. Qe1 Nd4 10. Nxd4 cxd4 11. Ne2 O-O 12. Qf2 Nc6 13. Bd2 d5 14. exd5 exd5 15.
Bb3 Qd6 16. Ng3 Ne7 17. h3 Re8 18. f5 Nxf5 19. Bf4 Qc5 20. Nxf5 Bxf5 21. a5
Rad8 22. Ba4 Re7 23. g4 Bd7 24. Bg5 f6 25. Bxf6 Rf7 26. g5 Bxf6 27. Bxd7 Rdxd7
28. gxf6 Rd6 29. Qh4 Qc6 1/2-1/2

[Event "26.Schlosspark-Open"]
[Site "Wiesbaden-Biebrich"]
[Date "2014.08.30"]
[Round "5.45"]
[White "Rüll, Michael"]
[Black "Göbel, Andreas"]
[Result "0-1"]
[WhiteElo "1797"]
[BlackElo "1987"]
[PlyCount "36"]
[EventDate "2014.??.??"]
[WhiteTeam "SC 1952 Obertshausen"]
[BlackTeam "SC Brett vorm Kopp Ffm"]

1. e4 c5 2. d4 e6 3. Nf3 cxd4 4. c3 Nf6 5. e5 Nd5 6. cxd4 Bb4+ 7. Bd2 Bxd2+ 8.
Nbxd2 O-O 9. Rc1 d6 10. Bd3 Nf4 11. Ne4 dxe5 12. Nfg5 Nxd3+ 13. Qxd3 f5 14. h4
h6 15. Rxc8 Qxc8 16. Nc5 Nc6 17. Ngxe6 Nxd4 18. Nxd4 Qxc5 0-1

[Event "26.Schlosspark-Open"]
[Site "Wiesbaden-Biebrich"]
[Date "2014.08.30"]
[Round "5.46"]
[White "Hafensteiner, Tim"]
[Black "Schmitt, Carsten"]
[Result "0-1"]
[WhiteElo "1768"]
[BlackElo "1984"]
[PlyCount "64"]
[EventDate "2014.??.??"]
[WhiteTeam "Biebertaler SF"]
[BlackTeam "SV Bergwinkel"]

1. e4 e6 2. d4 d5 3. Nd2 Nf6 4. exd5 exd5 5. Ngf3 Bd6 6. Bd3 Qe7+ 7. Qe2 Qxe2+
8. Bxe2 Bf5 9. c3 h6 10. O-O Nbd7 11. Re1 O-O 12. b3 Rfe8 13. Bb2 Re7 14. c4 c6
15. cxd5 Nxd5 16. Bc4 Rae8 17. Bxd5 cxd5 18. Rxe7 Rxe7 19. Re1 Rxe1+ 20. Nxe1
b5 21. Nf1 b4 22. Ne3 Bb1 23. Nxd5 Bxa2 24. Nd3 Bxb3 25. N5xb4 Bc4 26. Nc5 Nxc5
27. dxc5 Bxc5 28. Nc2 Bd3 29. Na3 Kf8 30. g3 Ke7 31. Kg2 Kd6 32. Kf3 Kc6 0-1

[Event "26.Schlosspark-Open"]
[Site "Wiesbaden-Biebrich"]
[Date "2014.08.30"]
[Round "5.47"]
[White "Martin, Reiner"]
[Black "Zeyen, Helmut"]
[Result "1-0"]
[WhiteElo "1981"]
[BlackElo "1801"]
[PlyCount "59"]
[EventDate "2014.??.??"]
[WhiteTeam "SC Bad Soden"]
[BlackTeam "Wiesbadener SV 1885"]

1. d4 d5 2. g3 Nc6 3. Bg2 Nf6 4. Nf3 e6 5. O-O Bd6 6. c4 O-O 7. b3 Re8 8. Bb2
Bf8 9. Nbd2 Ne7 10. Rc1 c6 11. e3 Ng6 12. Qc2 Bb4 13. a3 Bxd2 14. Qxd2 Ne4 15.
Qc2 f5 16. Ne5 Nxe5 17. dxe5 Ng5 18. Rfd1 Qe7 19. b4 h5 20. b5 Bd7 21. a4 Kf7
22. Qb3 Ne4 23. Ba3 Qg5 24. Rd4 h4 25. cxd5 hxg3 26. hxg3 exd5 27. Bxe4 fxe4
28. Rxe4 Rh8 29. Rf4+ Ke6 30. Qb4 1-0

[Event "26.Schlosspark-Open"]
[Site "Wiesbaden-Biebrich"]
[Date "2014.08.30"]
[Round "5.48"]
[White "Krischak, Werner"]
[Black "Lenz, Jonas"]
[Result "0-1"]
[WhiteElo "1764"]
[BlackElo "1973"]
[PlyCount "58"]
[EventDate "2014.??.??"]
[WhiteTeam "SK Marburg 1931/72"]
[BlackTeam "SK Bad Homburg 1927"]

1. d4 Nf6 2. Nf3 e6 3. Bf4 c5 4. e3 Be7 5. Nbd2 b6 6. h3 O-O 7. c3 d6 8. Qc2
Ba6 9. Bxa6 Nxa6 10. O-O Qc7 11. Qd3 Qb7 12. e4 cxd4 13. cxd4 Nb4 14. Qb3 d5
15. e5 Ne4 16. a3 Nc6 17. Qd3 Nxd2 18. Bxd2 h6 19. Nh2 a5 20. b3 Rac8 21. f4
Nxd4 22. Be3 Nc2 23. Bd2 Nxa1 24. Rxa1 b5 25. f5 exf5 26. Qxf5 Qb6+ 27. Kh1 Qd4
28. Ra2 Qe4 29. Qf3 Qb1+ 0-1

[Event "26.Schlosspark-Open"]
[Site "Wiesbaden-Biebrich"]
[Date "2014.08.30"]
[Round "5.49"]
[White "Wachsmann, Dietmar"]
[Black "Soost, Stefan"]
[Result "0-1"]
[WhiteElo "1760"]
[BlackElo "1953"]
[PlyCount "42"]
[EventDate "2014.??.??"]
[WhiteTeam "SC Groß-Umstadt"]
[BlackTeam "vereinslos"]

1. e4 c5 2. f4 d5 3. exd5 Nf6 4. c4 e6 5. dxe6 Bxe6 6. Nf3 Nc6 7. Be2 Bd6 8. d3
Qc7 9. O-O Bxf4 10. Nc3 Bxc1 11. Rxc1 O-O 12. Kh1 Rad8 13. Qe1 Ng4 14. Qh4 Ne3
15. Ng5 h6 16. Nxe6 fxe6 17. Rxf8+ Rxf8 18. Qe4 Qf4 19. Qxe6+ Kh8 20. Nd5 Nxd5
21. Qxd5 Qxc1+ 0-1

[Event "26.Schlosspark-Open"]
[Site "Wiesbaden-Biebrich"]
[Date "2014.08.30"]
[Round "5.50"]
[White "Ottway, Christopher"]
[Black "Arns, Alexander"]
[Result "1-0"]
[WhiteElo "1951"]
[BlackElo "1725"]
[PlyCount "102"]
[EventDate "2014.??.??"]
[WhiteTeam "Biebertaler SF"]
[BlackTeam "SF HN-Biberach 1978 e.V."]

1. c4 Nf6 2. g3 g6 3. Bg2 Bg7 4. Nc3 c6 5. e4 d6 6. Nge2 O-O 7. O-O e5 8. h3
Nbd7 9. d3 Nb6 10. Be3 Be6 11. f4 Qd7 12. g4 exf4 13. Nxf4 Nc8 14. Qc2 Ne7 15.
Rae1 Ne8 16. Qd2 Nc7 17. Nxe6 Qxe6 18. Bh6 Qe5 19. Kh1 Bxh6 20. Qxh6 Qg7 21.
Qf4 Qe5 22. Qf2 Qg5 23. e5 d5 24. Qf6 Qxf6 25. exf6 Nc8 26. cxd5 cxd5 27. Nxd5
Nxd5 28. Bxd5 Nd6 29. Re7 Rad8 30. Rc1 Rfe8 31. Rcc7 Rxe7 32. fxe7 Re8 33. Rd7
Nc8 34. Rd8 Nd6 35. Rxd6 Rxe7 36. Be4 f5 37. gxf5 gxf5 38. Bd5+ Kg7 39. Re6 Rc7
40. Re2 Kf6 41. a4 b6 42. Kh2 Rg7 43. Re6+ Kg5 44. Kg3 f4+ 45. Kf2 Kf5 46. Rh6
Kg5 47. Rc6 Rd7 48. Be4 Rd4 49. Rc4 Rd7 50. Kf3 Kh4 51. Bf5 Kg5 1-0

[Event "26.Schlosspark-Open"]
[Site "Wiesbaden-Biebrich"]
[Date "2014.08.30"]
[Round "5.51"]
[White "Kobs, Stephan"]
[Black "Kempfer, Justus"]
[Result "0-1"]
[WhiteElo "1942"]
[BlackElo "1781"]
[PlyCount "56"]
[EventDate "2014.??.??"]
[WhiteTeam "Hildesheimer SV"]
[BlackTeam "SJ Herborn 1998"]

1. e4 d5 2. exd5 Qxd5 3. Nc3 Qa5 4. b4 Qxb4 5. Rb1 Qd6 6. d4 Nf6 7. Nf3 a6 8.
Bd3 g6 9. O-O Bg7 10. Re1 O-O 11. Ne2 Nc6 12. Bf4 Qd8 13. Qd2 b5 14. Bh6 Bg4
15. Ne5 Nxd4 16. Nxg4 Nxg4 17. Bxg7 Kxg7 18. Nxd4 Qxd4 19. Rb4 Qd7 20. Qg5 Nf6
21. Rh4 Qd5 22. Qh6+ Kg8 23. Be4 Qe6 24. Kf1 Qc4+ 25. Bd3 Qxa2 26. Rxe7 Rae8
27. Rxe8 Rxe8 28. g4 Qd5 0-1

[Event "26.Schlosspark-Open"]
[Site "Wiesbaden-Biebrich"]
[Date "2014.08.30"]
[Round "5.52"]
[White "Fröhlich-Dill, Astrid"]
[Black "Suller, Lorant"]
[Result "0-1"]
[WhiteElo "1894"]
[BlackElo "1775"]
[PlyCount "82"]
[EventDate "2014.??.??"]
[WhiteTeam "SV 1920 Hofheim"]
[BlackTeam "vereinslos"]

1. d4 d6 2. e4 Nf6 3. f3 Nbd7 4. Be3 c6 5. Bd3 Qc7 6. Ne2 e5 7. c3 Be7 8. O-O
h6 9. Ng3 Nf8 10. Nd2 g5 11. Nf5 Bxf5 12. exf5 N8d7 13. Ne4 Nd5 14. Bf2 N7f6
15. dxe5 dxe5 16. Qb3 O-O 17. Rfe1 Kg7 18. a4 Nf4 19. Bc4 b6 20. Nxf6 Kxf6 21.
h4 Bd6 22. Rad1 Bc5 23. Bxc5 bxc5 24. hxg5+ hxg5 25. g3 Nh5 26. Kf2 Rad8 27.
Rxd8 Rxd8 28. Qc2 e4 29. Rg1 Nxg3 30. Qc1 Qf4 31. Qxf4 gxf4 32. fxe4 Nxe4+ 33.
Ke2 Rd2+ 34. Kf3 Kxf5 35. Rg2 Ng5+ 36. Rxg5+ Kxg5 37. Bxf7 Rxb2 38. Be8 Rb3 39.
Bxc6 Rxc3+ 40. Kf2 Ra3 41. Kg2 c4 0-1

[Event "26.Schlosspark-Open"]
[Site "Wiesbaden-Biebrich"]
[Date "2014.08.30"]
[Round "5.53"]
[White "Lukas, Sebastian"]
[Black "Schneider, Lutz"]
[Result "1-0"]
[WhiteElo "1893"]
[BlackElo "1748"]
[PlyCount "31"]
[EventDate "2014.??.??"]
[WhiteTeam "SC 1979 Hattersheim"]
[BlackTeam "Vorw.Orient Mainz"]

1. e4 c6 2. d4 d5 3. exd5 cxd5 4. Bd3 Nf6 5. Bf4 Nc6 6. c3 Bg4 7. Qb3 Qd7 8.
Nd2 a6 9. Ngf3 Nh5 10. Be3 Qc7 11. Qxd5 Nf4 12. Bxf4 Qxf4 13. Qe4 Qxe4+ 14.
Bxe4 O-O-O 15. Bxc6 bxc6 16. Ne5 1-0

[Event "26.Schlosspark-Open"]
[Site "Wiesbaden-Biebrich"]
[Date "2014.08.30"]
[Round "5.54"]
[White "Petreski, Gligur"]
[Black "Pade, Joachim"]
[Result "0-1"]
[WhiteElo "1890"]
[BlackElo "1713"]
[PlyCount "90"]
[EventDate "2014.??.??"]
[WhiteTeam "SV Mainz-Mombach"]
[BlackTeam "SC Butzbach 2000"]

1. d4 e6 2. Nf3 f5 3. g3 Nf6 4. Bg2 Be7 5. O-O O-O 6. c4 d6 7. Nc3 Ne4 8. Qb3
Nxc3 9. bxc3 Bf6 10. Ba3 a5 11. Nd2 c6 12. e3 Na6 13. Rfe1 Kh8 14. Rab1 Rb8 15.
e4 e5 16. Rbd1 Rg8 17. exf5 exd4 18. cxd4 Bxf5 19. Ne4 Bxe4 20. Bxe4 Re8 21.
Qf3 g6 22. Qb3 Bg7 23. Bb2 Qf6 24. Re3 Rf8 25. Rf3 Qe7 26. Rxf8+ Rxf8 27. Bf3
Qf6 28. Rd3 Qf7 29. a3 g5 30. h3 h5 31. Qc2 Nc7 32. Bc3 a4 33. Bd2 g4 34. Bg2
Qxf2+ 35. Kh2 Ne6 36. Qd1 Bxd4 37. hxg4 h4 38. Be1 hxg3+ 39. Rxg3 Qf4 40. Bd2
Qe5 41. g5 Kg7 42. Qg4 Bf2 43. Bc3 Bxg3+ 44. Qxg3 Nd4 45. Bxd4 Qxd4 0-1

[Event "26.Schlosspark-Open"]
[Site "Wiesbaden-Biebrich"]
[Date "2014.08.30"]
[Round "5.55"]
[White "Budde, Michael"]
[Black "Lorenz, Hermann"]
[Result "1-0"]
[WhiteElo "1884"]
[BlackElo "1698"]
[PlyCount "67"]
[EventDate "2014.??.??"]
[WhiteTeam "SC Flörsheim 1921"]
[BlackTeam "Sfr.Mainz 1928"]

1. Nf3 Nf6 2. d4 g6 3. Bf4 Bg7 4. e3 O-O 5. h3 d6 6. Bd3 c5 7. c3 cxd4 8. exd4
Nc6 9. O-O Nh5 10. Bh2 b6 11. Re1 Bb7 12. Nbd2 e6 13. Nc4 e5 14. dxe5 dxe5 15.
Ncxe5 Nxe5 16. Bxe5 Re8 17. Bxg7 Nxg7 18. Rxe8+ Qxe8 19. Qe2 Ne6 20. Re1 Qa4
21. b3 Qa5 22. b4 Qa3 23. Ne5 Qxc3 24. Nxf7 Nf4 25. Nh6+ Kg7 26. Nf5+ gxf5 27.
Qe7+ Kh6 28. Qh4+ Kg6 29. Bxf5+ Kxf5 30. Qg4+ Kf6 31. Qxf4+ Kg6 32. Re6+ Kg7
33. Re7+ Kg6 34. Qg4+ 1-0

[Event "26.Schlosspark-Open"]
[Site "Wiesbaden-Biebrich"]
[Date "2014.08.30"]
[Round "5.56"]
[White "Krastev, Alexander"]
[Black "Lanz, Udo"]
[Result "0-1"]
[WhiteElo "1620"]
[BlackElo "1884"]
[PlyCount "54"]
[EventDate "2014.??.??"]
[WhiteTeam "Biebertaler SF"]
[BlackTeam "VSG 1880 Offenbach"]

1. e4 c5 2. Nc3 Nc6 3. f4 g6 4. Bb5 Bg7 5. Bxc6 bxc6 6. Nf3 Nf6 7. O-O O-O 8.
d3 Rb8 9. Qe1 d6 10. Qh4 Bg4 11. Ne1 Bd7 12. f5 Ne8 13. g4 e6 14. Qh3 g5 15.
Nf3 h6 16. Qg3 Bxc3 17. bxc3 e5 18. h4 f6 19. Kg2 Kg7 20. Rh1 Nc7 21. Qh2 Rh8
22. Qg1 Nb5 23. Bd2 Qg8 24. Kf2 d5 25. Kg3 dxe4 26. dxe4 Qc4 27. Qe1 Nd6 0-1

[Event "26.Schlosspark-Open"]
[Site "Wiesbaden-Biebrich"]
[Date "2014.08.30"]
[Round "5.57"]
[White "Zimpfer, Andreas"]
[Black "Stallknecht, Britta"]
[Result "1-0"]
[WhiteElo "1879"]
[BlackElo "1618"]
[PlyCount "49"]
[EventDate "2014.??.??"]
[WhiteTeam "SC Butzbach 2000"]
[BlackTeam "SK Großsachsen"]

1. d4 d5 2. c4 c6 3. Nc3 Nf6 4. Nf3 e6 5. cxd5 cxd5 6. Bf4 Be7 7. e3 O-O 8. Bd3
Nc6 9. O-O Bd7 10. a3 a6 11. Rc1 b5 12. e4 dxe4 13. Nxe4 Nxe4 14. Bxe4 Rc8 15.
Rc3 Na5 16. Rxc8 Qxc8 17. Qe2 Bc6 18. Rc1 Qb7 19. Rxc6 Nxc6 20. Ne5 Nxd4 21.
Qd3 Qa7 22. Nc6 Nxc6 23. Bxh7+ Kh8 24. Qh3 g6 25. Qh6 1-0